Statistics for Countries With A Decreasing Population

Click here to take the quiz!

General Stats

  • This quiz has been taken 35 times
  • The average score is 20 of 30

Answer Stats

%Country% Correct
-0.49Ukraine
94%
-0.37Japan
90%
-0.20Russia
90%
-0.29Belarus
84%
-0.21Bosnia and Herzegovina
84%
-0.67Bulgaria
84%
-0.69Estonia
84%
-1.10Latvia
84%
-1.04Lithuania
84%
-0.23Poland
84%
-0.48Serbia
84%
-0.03Slovenia
84%
-1.10Moldova
81%
-0.38Romania
81%
-0.08Slovakia
81%
-0.29Hungary
77%
-0.03Spain
77%
-0.48Croatia
74%
-0.34Greece
74%
-0.23Portugal
74%
-0.21Germany
71%
-0.40Montenegro
71%
-0.35Armenia
58%
-0.10Andorra
42%
-0.23Cuba
32%
-0.23Tonga
16%
-0.12Maldives
13%
-0.18Saint Vincent and the Grenadines
13%
-0.64Micronesia
10%
-0.28Trinidad and Tobago
10%

Score Distribution

Percentile by Number Answered

Percent of People with Each Score

Your Score History

You have not taken this quiz